000 04035cam a2200565Ia 4500
001 ocn756051366
003 TZ-ArACH
005 20210601105749.0
006 m o d
007 cr cn|||||||||
008 111006s2010 enk ob 001 0 eng
020 _a9780191728440
_q(ebook)
020 _a0191728446
_q(ebook)
020 _z9780199207992
_q(cloth ;
_qalk. paper)
020 _z0199207992
_q(cloth ;
_qalk. paper)
035 _a(OCoLC)756051366
040 _aLGG
_beng
_epn
_cTZ-ArACH
043 _ae------
049 _aTZAA
050 4 _aKJC5138
_b.B38 2010
100 1 _aBates, Ed.
245 1 4 _aEvolution of the European Convention on Human Rights :
_bfrom its inception to the creation of a permanent court of human rights /
_cEd Bates.
260 _aOxford ;
_aNew York :
_bOxford University Press,
_c2010.
300 _axxxv, 571 pages
_c24 cm
504 _aIncludes bibliographical references (pages 541-562) and index.
505 0 _aThe evolution of the European Convention on Human Rights and Fundamental Freedoms -- The beginning of modern international human rights law (background to the birth of the European convention) -- Proposals for a convention to a safeguard Europe from tyranny and oppression? -- The drafting of the convention by the governments of the Council of Europe (February-November 1950) -- The Convention of 1950 and key features of its subsequent evolution -- An overview of the Convention's evolution from the 1950s to the early 1970s -- The Convention's evolution 1973-1976 : the awakening of the "sleeping beauty" -- The Strasbourg Court "comes of age" (the judgments of the late 1970s) -- Reflecting on the Convention's evolution (from a safeguard against totalitarianism to Europe's Bill of rights) -- The evolution of the convention system through to 1990 -- The Convention's "coming of age" (the 1990s and Protocol 11) -- After 1998 : the challenges facing the "new" European Court of Human Rights.
520 8 _aThe European Convention on Human Rights is probably the most effective system of international human rights control created. This book examines the story of the evolution of the convention over its first 50 years & explains how the system grew up & how it came to exert such an important influence on the states which subscribe to it.
610 2 0 _aEuropean Court of Human Rights.
610 2 7 _aEuropean Court of Human Rights.
_2fast
630 0 0 _aConvention for the Protection of Human Rights and Fundamental Freedoms
_d(1950 November 5)
630 0 7 _aConvention for the Protection of Human Rights and Fundamental Freedoms.
_2fast
650 0 _aHuman rights
_zEurope
_xHistory.
650 7 _aHuman rights.
_2fast
650 1 7 _aMensenrechten.
_2gtt
650 1 7 _aEuropees Hof voor de Rechten van de Mens.
_2gtt
650 7 _aLaw - Non-U.S.
_2hilcc
650 7 _aLaw, Politics & Government.
_2hilcc
650 7 _aLaw - Europe, except U.K.
_2hilcc
651 7 _aEurope.
_2fast
655 4 _aElectronic books.
655 7 _aHistory.
_2fast
776 0 8 _iPrint version:
_aBates, Ed.
_tEvolution of the European Convention on Human Rights.
_dOxford ; New York : Oxford University Press, 2010
_z9780199207992
_w(DLC) 2011285247
_w(OCoLC)423583012
856 4 0 _3Oxford Scholarship Online
_uhttps://doi.org/10.1093/acprof:oso/9780199207992.001.0001
856 4 0 _3Oxford Scholarship Online
_uhttp://www.oxfordscholarship.com/view/10.1093/acprof:oso/9780199207992.001.0001/acprof-9780199207992
856 4 0 _uhttps://doi.org/10.1093/acprof:oso/9780199207992.001.0001
_zFull-text
856 4 0 _uhttp://0-doi.org.pugwash.lib.warwick.ac.uk/10.1093/acprof:oso/9780199207992.001.0001
_zConnect to Oxford Scholarship Online e-book
856 4 1 _uhttp://0-dx.doi.org.catalogue.libraries.london.ac.uk/10.1093/acprof:oso/9780199207992.001.0001
_zRemote access via WAM (IALS and SAS staff, fellows and students and IALS Library academic members) - Oxford Scholarship Online: Law
856 4 0 _uhttp://www.library.yorku.ca/e/resolver/id/2263063
942 _2lcc
_cBOOK
999 _c6222
_d6222